| 000 | 00424nam a2200181Ia 4500 | ||
|---|---|---|---|
| 008 | 100917s9999 xx 000 0 und d | ||
| 082 | _b51066 | ||
| 100 | _aM. V. Sheeti | ||
| 245 | _aAuditing Principles & Prachie | ||
| 260 |
_b--- _c--- |
||
| 300 | _a388 | ||
| 365 | _b30 | ||
| 520 | _a--- | ||
| 630 | _aAuditing Principles & Prachie | ||
| 650 | _a--- | ||
| 730 | _aAuditing Principles & Prachie | ||
| 942 | _cBOOK | ||
| 999 |
_c656460 _d656457 |
||